|
|
|
|
| LEADER |
00000cam a2200000 a 4500 |
| 001 |
vtls008304151 |
| 003 |
SK-MaSNL |
| 005 |
20260302074211.0 |
| 008 |
240315s1870 xo a r 000 m slo |
| 015 |
|
|
|a SNBHFA1870
|
| 035 |
|
|
|a urn:nbn:sk:snk-am00d0tj
|
| 035 |
|
|
|a urn:nbn:sk:snk-am3hhtc
|
| 035 |
|
|
|a D75F0C56-C4A5-4109-AC58-25B40D2FCFCB
|
| 040 |
|
|
|a SNKHF
|b slo
|c SNK
|e AACR2
|
| 041 |
0 |
|
|a slo
|
| 044 |
|
|
|a xo
|c SK
|
| 072 |
|
7 |
|a 821.162.4
|x Slovenská literatúra
|2 konspekt
|
| 072 |
|
7 |
|a 398
|x Folklór
|2 konspekt
|
| 080 |
|
|
|a 821.162.4
|2 2011
|
| 080 |
|
|
|a 398
|2 2011
|
| 100 |
1 |
|
|a Sasinek, František Víťazoslav,
|d 1830-1914
|4 aut
|9 8180
|
| 245 |
1 |
0 |
|a Smejme sa!
|b Sbierka vtipov, žartov, smiechot a hádanok
|n Sošit 1.
|c Spísal: Franko Chvojnický
|
| 260 |
|
|
|a V T. S. Martine
|b Kníhtlačiarsko-účastinársky spolok
|c 1870
|
| 300 |
|
|
|a 48 s.
|c 16 cm
|
| 500 |
|
|
|a Drevorez na titulnej strane. Ozdobná iniciála
|
| 501 |
|
|
|a Prív. 7. k: BONYHAY, Benjámin. Nevďačné deti.
|5 SNK SE 68/prív.1-8
|
| 561 |
|
|
|a Peč.: Paul Križko
|5 SNK SE 68/prív.7
|
| 650 |
0 |
7 |
|a slovenská literatúra
|2 SNKPH
|9 1115
|
| 650 |
0 |
7 |
|a ľudová slovesnosť
|2 SNKPH
|9 67005
|
| 655 |
|
7 |
|a anekdoty
|2 SNKPH
|9 70417
|
| 655 |
|
7 |
|a hádanky
|2 SNKPH
|9 290931
|
| 700 |
1 |
|
|a Križko, Pavol,
|d 1841-1902
|4 fmo
|9 197805
|
| 710 |
1 |
|
|a Kníhtlačiarsky účastinársky spolok (Martin, Slovensko)
|4 prt
|9 93127
|
| 752 |
|
|
|a Slovensko
|d Martin
|
| 852 |
|
|
|a SNK
|p SE 68/prív.7
|
| 958 |
|
|
|a ONDV
|
| 999 |
|
|
|c 1164087
|d 1166017
|
| 952 |
|
|
|a SNK
|b SNK
|y PREZ
|7 0
|p 17A0486769
|o snkSE 68/prív.7 D1
|i snkD 2163/60
|8 1
|z r. 1870
|0 0
|1 0
|4 0
|d 2005-10-20
|l 0
|r 2026-02-24 20:43:46
|w 2026-02-24
|
| 952 |
|
|
|a SNK
|b SNK
|y PREZ
|7 0
|p 17A1299645
|o snkSE 68/prív.7
|i snk1781/27
|0 0
|1 0
|4 0
|d 2018-02-13
|f 1
|l 0
|r 2026-02-24 20:43:46
|w 2026-02-24
|